1659 1776 1329 1975 1649 1872 1973 1171 1989 1140 1169 1401 1440 1017 1365 1965 1914 1017 1091 1858 1562 1864 1623 1828 1198 1637 1540 1009 1598 1850 1162 1987 1555 1319 1997 1386 1906 1091 1285 1139 1887 1851 1815 1406 1889 1375 1070 1126 1367 1271 1622 1921 1908 1055 1931 1676 1973 1244 1387 1198 1907 1326 1937 1603 1898 1666 1532 1045 1599 1631 1297 1347 1834 1056 1241 1497 1829 1125 1275 1067 1602 1691 1320 1573 1839 1449 1511 1405 1388 1567 1716 1778 1888 1309 1631 1335 1110 1367 1764 BCNSPRNW ULIB Ver.6.0+V

เปลี่ยนเป็นภาษาไทย

Change to English
 แสดงรายละเอียดบรรณานุกรม
  กลับหน้าหลัก

Brief Record : Get Marc (ISO 2709) : E-mail record : QR code < ปิดหน้าต่าง
LEADER : 00000nam 2200000uu 4500
001    13399124665
003     ULIB
008    151119s2007||||th 000 0 tha d
020    ^a141604101X (paperback) ^c^61.95
020    ^a9781416041016 (paperback)
060  4 WQ100^bL525v
100 1  ^a Gloria Leifer
245 10 ^aVirtual clinical excursions for introduction to maternity and pediatric nursing / ^cGloria Leifer .
250    ^a5th ed.
260    ^a[S.l.] : ^bSaunders, ^c2007.
300    ^a256 p. ; ^c28 cm.
490 1  ^aBook + cd-rom.
520    ^aVirtual Clinical Excursions Pacific View Regional Hospital is a groundbreaking workbook/CD-ROM package that brings learning to life in a ^"virtual^" hospital setting. This guided learning experience features textbook reading assignments that correspond with the CD-ROM and workbook activities. The workbook acts as a map, guiding students through the virtual hospital as they care for patients in the virtual hospital to help students make connections between what they experience through the CD-ROM and what they^'ve learned in their textbook. Each virtual hospital visit allows the student to access realistic information resources essential to patient care resulting in a true-to-life, hands-on learning experience.
830  0 ^aBook + cd-rom.
945    ^p0^l0^i000208
999    ^aเกษร โพธิ์สุวรรณ
รายการนี้ยังไม่มีแท็ก
คุณยังไม่ได้ล็อกอิน คุณสามารถมีกิจกรรมร่วมกับเว็บไซต์ได้ แต่ต้องล็อกอินก่อน ::
  ล็อกอิน

รายการสื่อสารสนเทศ

ลำดับที่ ประเภท เลขเรียก/บาร์โค้ด สถานที่ สถานะ
1. วิทยาศาสตร์การแพทย์ และสุขภาพ
วิทยาศาสตร์การแพทย์ และสุขภาพ
WQ100 L525v ฉ.1 
  Barcode: 000208
ห้องสมุดวิทยาเขตสวรรค์ประชารักษ์
►หนังสือทั่วไป
บนชั้น

รายการใกล้เคียง
    ผู้แต่ง [Gloria Leifer]

BibComment


ยังไม่เคยถูกคอมเมนท์

คอมเมนท์ทรัพยากรรายการนี้
  คอมเมนท์: Virtual clinical..


 Copyright 2026. Bcnsprnw @Library